000 00307nam a2200109Ia 4500
008 200302s9999 xx 000 0 und d
100 _aP. Thomas
245 _aSecrets of sorcery spells and pleasure cults of India
260 _bD.B. Taraporevala Sons and Co., Pvt., Ltd.,
260 _c1983
300 _a181 P.,
999 _c4085
_d4085